000 00515nam a22001937a 4500
003 UA-OsUOA
001 11359
007 ta
008 20050317b un ||||| |||| 00| 0 ukr d
100 _aПоссе Абель
942 _cSA
040 _aUA-OsUOA
_brus
_cUA-OsUOA
_dUA-OsUOA
245 _aСтрасти по Эвите
_bПеревод с испанского Н. Беленькой
955 _a0
041 _arus
044 _aRU
773 0 _w0
_tСтасти по Эвите
650 7 _aПроза
_2UDC
999 _c297520
_d297520